Posledný problém slovenskej koruny
Rozhodnutie Bruselu a Frankfurtu o nulovej tolerancii k inflácii pre ďalších adeptov na zavedenie eura. Patrí medzi nich aj Slovensko. Na Slovensku sa viac diskutovalo o potrebe znižovať deficit verejných financií, ako o inflácii. Inflačné kritérium na prijatie eura bude to najťažšie. Vyhliadky Slov...
Saved in:
| Main Author: | |
|---|---|
| Format: | Book Chapter |
| Language: | Slovak |
| Subjects: | |
| Tags: |
No Tags, Be the first to tag this record!
|
MARC
| LEADER | 00000naa$a2200000$$$4500 | ||
|---|---|---|---|
| 001 | 0042982 | ||
| 005 | 20231009083807.1 | ||
| 041 | 0 | |a slo | |
| 044 | |a SK | ||
| 245 | 1 | 0 | |a Posledný problém slovenskej koruny |c František Múčka |
| 520 | |a Rozhodnutie Bruselu a Frankfurtu o nulovej tolerancii k inflácii pre ďalších adeptov na zavedenie eura. Patrí medzi nich aj Slovensko. Na Slovensku sa viac diskutovalo o potrebe znižovať deficit verejných financií, ako o inflácii. Inflačné kritérium na prijatie eura bude to najťažšie. Vyhliadky Slovenska na rok 2007. Euro verzus hospodársky rast. | ||
| 610 | 2 | 0 | |a euro |
| 610 | 2 | 0 | |a eurozóna |
| 610 | 2 | 0 | |a koruna |
| 610 | 2 | 0 | |a inflácia |
| 610 | 2 | 0 | |a rast hospodársky |
| 610 | 2 | 0 | |a politika menová |
| 610 | 2 | 0 | |a Slovensko |
| 100 | 1 | |a Múčka, František | |